User's manual: FHWA level 2 highway traffic noise prediction model, stamina 1.0

Guardat en:
Dades bibliogràfiques
Autor corporatiu: Federal Highway Administration (Autor)
Format: Llibre
Idioma:anglès
Publicat: Washington, D.C National Technical Information Service 1979
Col·lecció:Report FHWA-RD-78-138
Matèries:
Etiquetes: Afegir etiqueta
Sense etiquetes, Sigues el primer a etiquetar aquest registre!

MARC

LEADER 00000nam a2200000 a 4500
001 UCU6504
003 CL-VaPUC
008 960621e19790500US |||||||||||||||||eng|d
082 0 4 |a 388.314  |b FED  |2 21 
110 2 |a Federal Highway Administration  |e author  |9 364727 
245 1 0 |a User's manual: FHWA level 2 highway traffic noise prediction model, stamina 1.0 
300 |a 115 h 
942 |c BK 
945 |d 19960621 00:00:00  |a cmena 
260 |a Washington, D.C  |b National Technical Information Service  |c 1979 
650 7 |a TRAFICO POR CARRETERA  |2 CL-VaPUC  |9 357766 
650 7 |a TRANSPORTE POR CARRETERA  |2 CL-VaPUC  |9 364728 
650 0 |a Carreteras  |9 260132 
650 0 |a Aplicaciones de computadores  |9 260401 
650 0 |a Análisis de sistemas   |9 260059 
650 7 |a PROGRAMAS DE COMPUTADOR  |2 CL-VaPUC  |9 262390 
650 7 |a PROGRAMAS DE APLICACION  |2 CL-VaPUC  |9 342141 
583 |a last modification  |c 19960621 00:00:00  |k Rodrigo Vera 
490 0 |a Report FHWA-RD-78-138 
999 |c 249390  |d 249388